MARC

LEADER 00000nam0a2200000 4500
001 315764
005 20231102002817.0
035 |a (RuTPU)RU\TPU\book\341201 
090 |a 315764 
100 |a 20160309d1935 km y0rusy50 ca 
101 1 |a rus  |c ger 
102 |a RU 
105 |a a z 001zd 
200 1 |a История развития техники масляной живописи  |e пер. с нем.  |f Э. Бергер  |g пер. А. Н. Лужецкой ; авт. предисл. А. А. Рыбников 
210 |a Москва  |c ОГИЗ  |d 1935 
215 |a 605 с.  |c ил. 
320 |a Указатели: с. 589-605 
600 1 |a Ван Эйк  |b Х.  |c нидерландский живописец  |f около 1370-1426  |g Хуберт  |2 stltpush  |3 (RuTPU)RU\TPU\pers\12070  |9 3154 
600 1 |a Ван Эйк  |b Я.  |c нидерландский живописец  |f около 1390-1441  |g Ян  |2 stltpush  |3 (RuTPU)RU\TPU\pers\12071  |9 3155 
606 1 |a Живопись  |x История  |2 stltpush  |3 (RuTPU)RU\TPU\subj\73356  |9 86388 
610 1 |a техника живописи 
610 1 |a масляная живопись 
610 1 |a происхождение 
610 1 |a темпера 
610 1 |a итальянская живопись 
610 1 |a эпоха Возрождения 
610 1 |a нидерландская живопись 
610 1 |a 17 век 
610 1 |a литературные источники 
675 |a 75.03  |v 4 
700 1 |a Бергер  |b Э.  |g Эрнст 
702 1 |a Лужецкая  |b А. Н.  |4 730 
702 1 |a Рыбников  |b А. А.  |4 080 
801 1 |a RU  |b 63413507  |c 20160309 
801 2 |a RU  |b 63413507  |c 20200703  |g RCR 
942 |c BK